THE HISTORY OF GUNS / (Record no. 171945)

MARC details
000 -LEADER
fixed length control field 00717nam a22002297i 4500
005 - DATE AND TIME OF LATEST TRANSACTION
control field 20190407171721.0
008 - FIXED-LENGTH DATA ELEMENTS--GENERAL INFORMATION
fixed length control field 190407t20132013enkao e 000 0 eng d
020 ## - INTERNATIONAL STANDARD BOOK NUMBER
International Standard Book Number 9781909217317
Qualifying information hardback
Terms of availability RM53.90
040 ## - CATALOGING SOURCE
Original cataloging agency PPAK
Language of cataloging eng
Transcribing agency PPAK
Description conventions rda
082 04 - DEWEY DECIMAL CLASSIFICATION NUMBER
Classification number 623.4309
Edition number 23
090 00 - LOCALLY ASSIGNED LC-TYPE CALL NUMBER (OCLC); LOCAL CALL NUMBER (RLIN)
Classification number (OCLC) (R) ; Classification number, CALL (RLIN) (NR) 623.4309
Feature heading BRA
Feature heading R
100 1# - MAIN ENTRY--PERSONAL NAME
Personal name Brachet, Michelle,
Relator term author.
245 10 - TITLE STATEMENT
Title THE HISTORY OF GUNS /
Statement of responsibility, etc. Michelle Brachet
264 #1 - PRODUCTION, PUBLICATION, DISTRIBUTION, MANUFACTURE, AND COPYRIGHT NOTICE
Place of production, publication, distribution, manufacture Woking, Surrey, UK :
Name of producer, publisher, distributor, manufacturer Demand Media Limited,
Date of production, publication, distribution, manufacture, or copyright notice 2013
Date of production, publication, distribution, manufacture, or copyright notice ©2013
300 ## - PHYSICAL DESCRIPTION
Extent 125 pages :
Other physical details colour illustrations, colour photographs ;
Dimensions 23 cm
336 ## - CONTENT TYPE
Source rdacontent
Content type term text
337 ## - MEDIA TYPE
Source rdamedia
Media type term unmediated
338 ## - CARRIER TYPE
Source rdacarrier
Carrier type term volume
650 10 - SUBJECT ADDED ENTRY--TOPICAL TERM
Topical term or geographic name entry element Firearms
General subdivision History
942 ## - ADDED ENTRY ELEMENTS (KOHA)
Source of classification or shelving scheme Dewey Decimal Classification
Koha item type Book
Holdings
Withdrawn Not for loan Current library Shelving location Date acquired Full call number Barcode Date last seen Koha item type
  Not For Loan Perpustakaan Alor Setar Rujukan Dewasa 28/04/2019 R 623.4309 BRA A01598806 28/04/2019 Book
  Not For Loan Perpustakaan Baling Rujukan Dewasa 28/04/2019 R 623.4309 BRA A01598807 28/04/2019 Book
  Not For Loan Perpustakaan Bandar Baharu Rujukan Dewasa 28/04/2019 R 623.4309 BRA A01598808 28/04/2019 Book